01126nas a2200337 4500001001300000003000900013005001700022007000300039008003400042040005400076041000900130072001300139100001400152100002100166100001900187100002100206100001700227245010800244650001000352650001000362650002100372650002500393650001400418650002800432650001100460773009700471909004000568942001800608999001900626952014300645BR2016004429BR-BrBNA20231205130746.0ta230509b bl.|||p| |||| 00| 00por d aBR-BrBNAbporcBiblioteca Nacional de Agricultura a(En) aF61; F601 aMauad, M.1 aCrusciol, C.A.C.1 aNascente, A.S.1 aGrassi Filho, H.1 aLima, G.P.P.1 aEffects of silicon and drought stress on biochemical characteristics of leaves of upland rice cultivars aARROZ aFOLHA aANÁLISE FOLIAR aBIOQUÍMICA VEGETAL aSILÍCIO aDEFICIÊNCIA HÍDRICA aSTRESS0 tRevista Ciência Agronômica (Brazil)xISSN 0045-6888g, v. 47(3) p. 532-539wBR2016004429 a202311bLúciac55dLúcia Elande 2AGRISn0cANA c251059d251059 002AGRIS4071a41918b41918cPeriódicos Agrícolash, v. 47(3) p. 532-539l0r2023-11-29t01yCRePortaria Interministerial nº 164/94